Le Collège de Demain (Registro nro. 301575)

Detalles MARC
000 -ENCABEZADO
Número de control [NR] 01724nam a22002657a 4500
005 - FECHA Y HORA DE LA ÚLTIMA TRANSACCIÓN
control field 20151123153608.0
008 - DE LONGITUD FIJA DE DATOS DE ELEMENTOS - INFORMACIÓN GENERAL
Elementos de longitud fija [NR] 150922s1899 fr ||||fr|||| 001 0 fre d
040 ## - FUENTE DE CATALOGACION [NR]
Quien Cataloga Sandra Yazo
Quien Clasifica Sandra Yazo
041 0# - CODIGO DE IDIOMA [R]
Código de idioma para texto/pista de sonido o título separado [R] Francés
082 04 - NUMERO DE CLASIFICACION DECIMAL DEWEY [R]
Número de la edición [NR] 20
Número de clasificación [R] 372.944
092 ## - SIGNATURA TOPOGRAFICA LOCAL
Número de clasificación local E37N076
100 1# - ASIENTO PRINCIPAL--NOMBRE PERSONAL [NR]
Nombre personal [NR] Frande, Henry de
ID Autoridad 71655
242 03 - TRADUCCION DEL TITULO POR LA AGENCIA CATALOGADORA [R]
Título [NR] El Colegio de Mañana
Parte restante del título [NR] Diario de un Rector de Colegio
Mención de responsabilidad, etc. [NR] Henry de France
Código de idioma del título traducido [NR] spa
245 13 - MENCION DE TITULO [NR]
Título [NR] Le Collège de Demain
Parte restante del título [NR] Journal d’un Directeur de Collège
Mención de responsabilidad, etc. [NR] Henry de France
260 ## - PUBLICACION, DISTRIBUCION, ETC. (PIE DE IMPRENTA) [R]
Lugar de publicación, distribución, etc. [R] París (Francia)
Nombre del editor, distribuidor, etc. [R] Pedone, A., éditeur [A. Pedone, editor]
-- Imprimerie La Montruilloise [Imprenta La Montruilloise]
Fecha de publicación, distribución, etc. [R] 1899
300 ## - DESCRIPCION FISICA [R]
Extensión [R] xxiv, 320 página
Dimensiones [R] 19 x 12 cm.
500 ## - NOTA GENERAL [R]
Nota general [NR] Detalles físicos: Encuadernación flexible en cartulina. Tapas con datos de publicación y adornos impresos, la delantera impresa en dos tintas. Lomo se conserva parcialmente. Hoja de cortesía. Anteportada. Portada sencilla. Texto impreso en una sola columna. Ejemplar en mal estado de conservación, descuadernado. Varias páginas con roturas y dobleces
505 0# - NOTA DE CONTENIDO CON FORMATO PREESTABLECIDO [R]
Nota de contenido con formato preestablecido [NR] Prefacio ; Razones de la fundación del Colegio ; Necesidad de una reforma en la enseñanza ; Origen de los actuales métodos ; La educación de las clases altas ; El Colegio de Pointeville ; Exposición suscinta del método de instrucción ; Explicación breve sobre el método de enseñanza de las lenguas ; Papel del médico en el Colegio ; Reclutamiento de los profesores ; Método de la enseñanza de las ciencias
506 ## - NOTA DE RESTRICCIONES DE ACCESO [R]
Condiciones de acceso [NR] Consulta en sala
546 ## - NOTA DE IDIOMA [R]
Nota de idioma [NR] Texto en francés
650 #7 - ASIENTO SECUNDARIO DE MATERIA - TERMINO TEMATICO [R]
9 (RLIN) 52305
Término temático o nombre geográfico como elemento de entrada [NR] Educación
Subdivisión geográfica [R] Francia
650 #7 - ASIENTO SECUNDARIO DE MATERIA - TERMINO TEMATICO [R]
9 (RLIN) 14818
Término temático o nombre geográfico como elemento de entrada [NR] Escuelas
Subdivisión general [R] Francia
690 ## - ASUNTO AGREGADO LOCAL DE ENTRADA - TÉRMINO TEMÁTICO (OCLC, RLIN)
9 (RLIN) 42917
Acceso temático local Teoría de la educación
942 ## - ELEMENTOS DE ENTRADA AGREGADOS (KOHA)
Sistema de clasificación LOCAL
Tipo de ítem principal el descrito en 300a Libro
Edición 1
Clasificación E37N076
Existencias
Suprimido Perdido Sistema de clasificación Dañado No prestable Tipo de ítem específico Ubicación habitual Ubicación actual Localización Fecha de creación Forma de adquisición Costo Total préstamos Signatura topográfica Código de barras Última vez visto Ejemplar Price effective from Tipo de ítem
    LOCAL     Libro archivo Archivo Histórico Archivo Histórico Archivo histórico 22/09/2015 Donación 0.00   E37N076 L005168 22/09/2015 Ej.1 22/09/2015 Libro